Handbook of assessment methods for eating behaviors and weight- related problems measures, theory, and research
Saved in:
| Other Authors: | |
|---|---|
| Format: | Book |
| Language: | English |
| Published: |
Thousand Oaks, CA
SAGE
1995
|
| Subjects: | |
| Tags: |
Add Tag
No Tags, Be the first to tag this record!
|
| Call Number : | ref med WM 34 .H377 1995 |
MARC
| LEADER | 00000pam a2200000 4500 | ||
|---|---|---|---|
| 001 | 33580 | ||
| 003 | MY-KLNDU | ||
| 005 | 20241218090209.0 | ||
| 008 | 130401 1995 caua bfi 000 0 eng d | ||
| 020 | |a 0803947917 | ||
| 039 | 9 | |a 201308010949 |b zul |c 201304011404 |d azraai |y 200910091546 |z VLOAD | |
| 040 | |a UPNM | ||
| 060 | |a WM 34 |b .H377 1995 | ||
| 090 | |a ref med WM 34 |b .H377 1995 | ||
| 245 | 0 | 0 | |a Handbook of assessment methods for eating behaviors and weight- related problems |b measures, theory, and research |c David B. Allison, editor |
| 260 | |a Thousand Oaks, CA |b SAGE |c 1995 | ||
| 300 | |a xx, 634p. |b ill. |c 27 cm. | ||
| 504 | |a Includes bibliographical references and index | ||
| 505 | |a Assessment of general personality and psychopathology among persons with eating and weight-related concerns / Leslie C. Morey and John E. Kurtz -- Measures of quality of life, subjective well-being, and satisfaction with life / Vincent C. Alfonso -- Methods for measuring attitudes and beliefs about obese people / Harold E. Yuker, David B. Allison, and Myles S. Faith -- Assessment of body image / J. Kevin Thompson -- Measures of restrained eating / Bernard S. Gorman and David B. Allison -- Measures of physical activity and exercise / Mary Lee Shelton and Robert C. Klesges -- Measuring food intake : an overview / Carla Wolper, Stanley Heshka, and Steven B. Heymsfield -- Assessment of specific eating behaviors and eating style / David G. Schlundt -- Binge eating and purging / Kathleen M. Pike, Katharine Loeb, and B. Timothy Walsh -- Assessment of eating disordered thoughts, feelings, and behaviors / Donald A. Williamson ... [et al.] -- Motivational readiness to control weight / Joseph D. Rossi ... [et al.] -- Assessment of eating and weight-related problems in children and special populations / Roberta L. Babbitt ... [et al.] -- Identification of psychological problems of patients with eating and weight-related disorders in general medical settings / Anne W. Riley -- Assessment of human body composition / Steven B. Heymsfield ... [et al.] -- The big picture / W. Stewart Agras. | ||
| 650 | 2 | |a Eating Disorders |v Handbooks | |
| 650 | 2 | |a Body Weight |v Handbooks | |
| 650 | 2 | |a Obesity |x psychology |v Handbooks | |
| 650 | 0 | |a Eating disorders |x Diagnosis | |
| 650 | 0 | |a Overweight persons |x Psychological testing | |
| 650 | 0 | |a Eating disorders |x patients |x psychological testing | |
| 650 | 0 | |a Eating disorders | |
| 700 | 1 | |a Allison, David B. | |
| 999 | |a vtls000023636 |c 33580 |d 33580 | ||


